<?xml version="1.0" encoding="utf-8"?>
<?xml-stylesheet type='text/xsl' href='./oai2.xsl'?>
<OAI-PMH xmlns="http://www.openarchives.org/OAI/2.0/" xmlns:xsi="http://www.w3.org/2001/XMLSchema-instance" xsi:schemaLocation="http://www.openarchives.org/OAI/2.0/ http://www.openarchives.org/OAI/2.0/OAI-PMH.xsd">
  <responseDate>2026-04-29T10:11:22Z</responseDate>
  <request verb="GetRecord" metadataPrefix="marcxml" identifier="record_kuniweb_399607">https://kulturerbe.niedersachsen.de/oai</request>
  <GetRecord>
    <record>
      <header>
        <identifier>record_kuniweb_399607</identifier>
        <datestamp>2026-03-31T19:09:18Z</datestamp>
        <setSpec>slg0186</setSpec>
      </header>
      <metadata>
        <marc:record xmlns:marc="http://www.loc.gov/MARC21/slim" xsi:schemaLocation="http://www.loc.gov/MARC21/slim http://www.loc.gov/standards/marcxml/schema/MARC21slim.xsd">
          <marc:leader>12345nrm  22     uu 4500</marc:leader>
          <marc:controlfield tag="001">399607</marc:controlfield>
          <marc:controlfield tag="003">http://kuniweb.gbv.de</marc:controlfield>
          <marc:controlfield tag="005">2026-03-30T17:23:59</marc:controlfield>
          <marc:controlfield tag="008">|           ||||||||||||||||||||||</marc:controlfield>
          <marc:datafield tag="245" ind1="1" ind2="0">
            <marc:subfield code="a">Ablasskiste Tetzels, Geldkasten, Tetzelkiste</marc:subfield>
          </marc:datafield>
          <marc:datafield tag="720" ind1=" " ind2=" ">
            <marc:subfield code="a">Johann &lt;Tetzel&gt;</marc:subfield>
          </marc:datafield>
          <marc:datafield tag="655" ind1=" " ind2="7">
            <marc:subfield code="a">Kunsthandwerk</marc:subfield>
          </marc:datafield>
          <marc:datafield tag="046" ind1=" " ind2=" ">
            <marc:subfield code="k">1500</marc:subfield>
            <marc:subfield code="k">Anfang 16. Jahrhundert</marc:subfield>
            <marc:subfield code="l">1510</marc:subfield>
          </marc:datafield>
          <marc:datafield tag="260" ind1=" " ind2=" ">
            <marc:subfield code="g">1500</marc:subfield>
            <marc:subfield code="g">1510</marc:subfield>
            <marc:subfield code="g">Anfang 16. Jahrhundert</marc:subfield>
          </marc:datafield>
          <marc:datafield tag="300" ind1=" " ind2=" ">
            <marc:subfield code="a">Breite: 82 cm
Tiefe: 51 cm
Gewicht: 67,5 kg
Höhe: 41 cm (bis 41,5)</marc:subfield>
          </marc:datafield>
          <marc:datafield tag="520" ind1=" " ind2=" ">
            <marc:subfield code="a">Ein etwa 40 mm starker Holzkorpus füllt und stabilisiert die mit geschmiedeten Bändern und gewalzten Belchen aus Schmiedeeisen innen und außen ummantelte Truhe. Sie sind mittels handgeschmiedeter Nägel und Nieten am Holz befestigt. An den Seiten wurden handgeschmiedete Ringgriffe zum Tragen der Truhe befestigt. Ein Aufstellhaken auf der rechten Seite hält den Deckel offen. Ein Schloss zum Verschließen der Truhe ist eingebaut.  (Städtisches Museum Braunschweig)

Verwendungszweck:
Transportkiste für Ablassbriefe

Gebrauchsort:
Sachsen (Sachsen)

Veröffentlicht in:
Jüdisches Museum Wien (Hrsg.): Schuld - Guilt. (Ausst. Kat. Wien, Jüdisches Museum 2023) Wien 2023, S. 48-51.

Veröffentlicht in:
„Aufbruch in eine neue Welt“, Martin Luther, Bd. Essays. Sandstein Verlag, Dresden, 2016. (S. 31, Abb. 1.)

Veröffentlicht in:
M. Thierbach, „1521 Sonderausstellung im Diözesanmuseum St. Afra in Augsburg vom 28. August bis 28. November 2021“. Kunstverlag Josef Fink, Lindenberg im Allgäu, 2021. (S. 162-163, Nr. 45.)

Veröffentlicht in:
„Schätze der Reformation. Here I stand ..$$dLutherausstellungen USA 2016 : Martin Luther: Art and the Reformation, Minneapolis Institute of Art, 30. Oktober 2016-15. Januar 2017 : World and Image: Martin Luther's Reformation, The Morgan Library &amp; Museum, New York, 7. Oktober 2016-22. Januar 2017 : Law and Grace: Martin Luther, Lucas Cranach, and the Promise of Salvation, Pitts Theology Library, Emory University, Atlanta, 11. Oktober 2016-16. Januar 2017. Martin Luther“. Sandstein Verlag, Dresden, 2016. (S. 135, Nr. 125 (Abb. S. 134).)

Veröffentlicht in:
H. Kühne, E. Bünz, und P. Wiegand, „Johann Tetzel und der Ablass Begleitband zur Ausstellung »Tetzel - Ablass - Fegefeuer« in Mönchenkloster und Nikolaikirche Jüterbog vom 8. September bis 26. November 2017“. Lukas Verlag, Berlin, 2017. (S. 363-365.)</marc:subfield>
          </marc:datafield>
          <marc:datafield tag="650" ind1="1" ind2=" ">
            <marc:subfield code="a">Ablass</marc:subfield>
          </marc:datafield>
          <marc:datafield tag="650" ind1="1" ind2=" ">
            <marc:subfield code="a">Möbel &gt; Behältnismöbel &gt; Truhe</marc:subfield>
          </marc:datafield>
          <marc:datafield tag="650" ind1="1" ind2=" ">
            <marc:subfield code="a">Truhen</marc:subfield>
          </marc:datafield>
          <marc:datafield tag="773" ind1="0" ind2=" ">
            <marc:subfield code="t">Sammlung Kunstgewerbe</marc:subfield>
          </marc:datafield>
          <marc:datafield tag="852" ind1=" " ind2=" ">
            <marc:subfield code="a">Städtisches Museum Braunschweig</marc:subfield>
          </marc:datafield>
          <marc:datafield tag="" ind1=" " ind2=" ">
            <marc:subfield code="a">Namensnennung - Nicht kommerziell - Keine Bearbeitungen 4.0 International (CC BY-NC-ND 4.0)</marc:subfield>
          </marc:datafield>
        </marc:record>
      </metadata>
    </record>
  </GetRecord>
</OAI-PMH>
